| 000 | 01501cam a22003614a 4500 | ||
|---|---|---|---|
| 001 | 16877338 | ||
| 005 | 20170105102852.0 | ||
| 008 | 110718s2011 nyuaf b 001 0 eng | ||
| 010 | _a 2011029521 | ||
| 020 | _a9780231703109 (alk. paper) | ||
| 020 | _a9780231800747 | ||
| 040 |
_aDLC _cDLC _dDLC |
||
| 042 | _apcc | ||
| 043 |
_aa-is--- _aawba--- _aawgz--- |
||
| 050 | 0 | 0 |
_aDS119.76 _b.C65 2011 |
| 082 | 0 | 0 |
_a956.95/3044 _223 |
| 100 | 1 |
_aCollins, John _q(John Martin) |
|
| 245 | 1 | 0 |
_aGlobal Palestine / _cJohn Collins. |
| 260 |
_aNew York : _bColumbia University Press, _cc2011. |
||
| 300 |
_axii, 219 p., [8] p. of plates : _bill. ; _c23 cm. |
||
| 504 | _aIncludes bibliographical references (p. 151-201) and index. | ||
| 505 | 0 | _aApproaching global Palestine -- Colonization -- Securitization -- Acceleration -- Occupation -- Decolonization. | |
| 650 | 0 |
_aArab-Israeli conflict _y1993- _xPeace. |
|
| 650 | 0 |
_aPalestinian Arabs _xPolitical activity. |
|
| 650 | 0 |
_aJews _xColonization _zWest Bank. |
|
| 650 | 0 |
_aIsraelis _xColonization _zWest Bank. |
|
| 651 | 0 |
_aWest Bank _xPolitics and government _y21st century. |
|
| 651 | 0 |
_aGaza Strip _xPolitics and government _y21st century. |
|
| 651 | 0 |
_aIsrael _xPolitics and government _y21st century. |
|
| 906 |
_a7 _bcbc _corignew _d1 _eecip _f20 _gy-gencatlg |
||
| 942 |
_2ddc _cBK |
||
| 999 |
_c14306 _d14306 |
||